Urso branco e urso castanho (Registo nº 4586)

Detalhes MARC
000 -Etiqueta do registo
Cabeçalho 00663nam0a2200229 4500
005 - Identificador da versão
Campo de controlo 20240813122106.0
010 ## - Número internacional normalizado dos livros (ISBN)
Número (ISBN) 9727124062
100 ## - Dados gerais de processamento
Dados gerais de processamento 20170302d2005 a y0pory5003 ba
102 ## - Pais de publicação ou produção
País de publicação Portugal
101 0# - Língua de publicação
Língua do texto, banda sonora, etc. Português
Língua do documento no original Francês
215 ## - Descrição física 
Indicação específica da natureza do documento e extensão da espécie [28] p.
Outras indicações físicas il. color
200 1# - Titulo e menção de responsabilidade
Título próprio Urso branco e urso castanho
Primeira menção de responsabilidade Svetlana Petrovic
Outras menções de responsabilidade il. Vincent Hardy
210 ## - Publicação, Distribuição, etc. 
Lugar da edição, distribuição, etc. Maia
Nome do editor, distribuidor, etc. Ed. Nova Gaia
Data da publicação, distribuição, etc. cop. 2005
606 ## - Nome comum usado como assunto
Número de registo de entrada de autoridade 0001419
Palavra de ordem Literatura francesa
Subdivisão de assunto Conto
Código do sistema CA
675 ## - Classificação Decimal Universal (CDU)
Notação 821.133.1-34
Edição 3ª ed.
Língua da edição por
702 #1 - Nome de autor-pessoa física (responsabilidade secundária)
Número de registo de entrada de autoridade 0001716
Palavra de ordem Hardy
Outra parte do nome não tomada para palavra de ordem Vincent
Código de função Ilustrador / Técnico de desenho computorizado
700 #1 - Nome de autor-pessoa física (responsabilidade principal)
Número de registo de entrada de autoridade 0001715
Palavra de ordem Petrovic
Outra parte do nome não tomada para palavra de ordem Svetlana
966 ## - Identificação da Biblioteca
Sigla EBVEN
942 ## - Elementos de entrada adicionados (Koha)
Tipo de item no Koha Livro
Exemplares
Situação do levantamento Origin of item (home branch) (coded) Biblioteca de empréstimo Código de barras Cota Circulation type (not for loan) Tipo de documento Nota do exemplar Damaged status
  Biblioteca Escolar das Vendas Biblioteca Escolar das Vendas BEV1139 8EST PET   Livro Sem mensagem